header

Identity and institutions (Record no. 85728)

MARC details
000 -LEADER
fixed length control field 01875nam a2200469Ia 4500
082 04 - DEWEY DECIMAL CLASSIFICATION NUMBER
Classification number 303.6/9
100 1# - MAIN ENTRY--AUTHOR NAME
Personal name Jesse, Neal G.,
245 10 - TITLE STATEMENT
Title Identity and institutions
260 ## - PUBLICATION, DISTRIBUTION, ETC. (IMPRINT)
Place of publication Albany, NY :
Name of publisher State University of New York Press,
Year of publication c2005.
300 ## - PHYSICAL DESCRIPTION
Number of Pages xiii, 194 p. :
Other physical details ill., map.
490 1# - SERIES STATEMENT
Series statement SUNY series in global politics
Series statement SUNY series in national identities
650 #0 - SUBJECT ADDED ENTRY--TOPICAL TERM
Topical Term Conflict management.
Topical Term Ethnic groups
Topical Term International agencies.
Topical Term International organization.
Topical Term International relations and culture.
Topical Term Minorities
Topical Term Social justice.
700 1# - ADDED ENTRY--PERSONAL NAME
Personal name Williams, Kristen P.,
856 40 - ELECTRONIC LOCATION AND ACCESS
Uniform Resource Identifier http://site.ebrary.com/lib/rucke/Doc?id=10579185

No items available.

© 2026 Rongo University
Contact us: librarian | system librarian | Rongo university